Portomarín (Puertomarín) (Record no. 117245)
[ view plain ]
| 000 -LEADER | |
|---|---|
| campo de control de longitud fija | 01129nam a2200229 i 4500 |
| 001 - NÚMERO DE CONTROL | |
| campo de control | 117245 |
| 003 - IDENTIFICADOR DE NÚMERO DE CONTROL | |
| campo de control | ES-MaACL |
| 005 - FECHA Y HORA DE LA ÚLTIMA TRANSACCIÓN | |
| campo de control | 20250814073324.0 |
| 007 - CAMPO FIJO DE DESCRIPCIÓN FÍSICA--INFORMACIÓN GENERAL | |
| campo de control de longitud fija | t| |
| 008 - DATOS DE LONGITUD FIJA--INFORMACIÓN GENERAL | |
| campo de control de longitud fija | 070301s1961 sp af |||| | spa d |
| 100 1# - ENTRADA PRINCIPAL--NOMBRE DE PERSONA | |
| Nombre de persona | Paz López, G. |
| 9 (RLIN) | 89775 |
| 245 10 - MENCIÓN DEL TÍTULO | |
| Título | Portomarín (Puertomarín) |
| Resto del título | : [monografía geográfica de una villa medieval] / |
| Mención de responsabilidad, etc. | G. Paz López ; prólogo del Dr. D. Amando Melón y Ruiz de Gordejuela. |
| 260 ## - PUBLICACIÓN, DISTRIBUCIÓN, ETC. | |
| Lugar de publicación, distribución, etc. | Zaragoza : |
| Nombre del editor, distribuidor, etc. | [Librería General] : |
| -- | Departamento de Geografía Aplicada del Instituto Elcano, |
| Fecha de publicación, distribución, etc. | 1961. |
| 300 ## - DESCRIPCIÓN FÍSICA | |
| Extensión | 202 p., 26 lám. : |
| Otras características físicas | il. ; |
| Dimensiones | 17 cm + |
| Material acompañante/anejo | 2 gráf. pleg. |
| 490 1# - MENCIÓN DE SERIE | |
| Mención de serie | Consejo Superior de Investigaciones Científicas. Publicaciones del Departamento de Geografía Aplicada del Instituto Elcano ; |
| Designación de volumen o secuencia | 27 |
| 651 #4 - PUNTO DE ACCESO ADICIONAL DE MATERIA--NOMBRE GEOGRÁFICO | |
| Nombre geográfico | Portomarín- |
| Subdivisión general | Descripción. |
| 9 (RLIN) | 169497 |
| 700 1# - ENTRADA AGREGADA--NOMBRE PERSONAL | |
| Nombre de persona | Melón y Ruiz de Gordejuela, Amando, |
| Fechas asociadas al nombre | 1895-1975 |
| 9 (RLIN) | 80024 |
| 710 2# - ENTRADA AGREGADA--NOMBRE DE ENTIDAD CORPORATIVA | |
| Nombre de entidad corporativa o nombre de jurisdicción como elemento de entrada | Instituto Juan Sebastián Elcano. |
| Unidad subordinada | Departamento de Geografía Aplicada. |
| 9 (RLIN) | 5114 |
| 830 00 - PUNTO DE ACCESO ADICIONAL DE SERIE-TÍTULO UNIFORME | |
| Título uniforme | Publicaciones del Departamento de Geografía Aplicada del Instituto Elcano |
| Designación de volumen o secuencia | 27 |
| 9 (RLIN) | 241765 |
| 852 ## - LOCALIZACIÓN | |
| Ubicación | ES-MaACL |
| Número de control de estantería | C-20286 |
| Estatus retirado | Estado de pérdida | Estado de daño | No para préstamo | Biblioteca de origen | Biblioteca actual | Ubicación en estantería | Fecha de adquisición | Fuente de adquisición | Total de préstamos | Signatura topográfica completa | Código de barras | Visto por última vez | Precio de reemplazo | Tipo de ítem Koha |
|---|---|---|---|---|---|---|---|---|---|---|---|---|---|---|
| Biblioteca del Ateneo de Madrid | Biblioteca del Ateneo de Madrid | Galería | 17/01/2008 | C-20286 | 1122243 | 23/02/2023 | 23/02/2023 | Libro impreso |
